| 000 | 00397nam a2200145 a 4500 | ||
|---|---|---|---|
| 001 | 869 | ||
| 003 | CDMR | ||
| 005 | 20130730102346.0 | ||
| 008 | 130130s1990||||||||||||||||||||||||||||d | ||
| 040 |
_aCDMR _bcat _cCPC LLEIDA |
||
| 100 | 1 |
_aBarrull Pelegrí, Jaume _9501 |
|
| 245 | 1 | 3 |
_aEl bloc obrer i camperol (Lleida, 1919-1937) _cBARRULL PELEGRÍ, Jaume |
| 260 |
_aLleida _c1990 _bPagès |
||
| 942 |
_cMON _2udc |
||
| 999 |
_c869 _d869 |
||